Statement of recommended practice (Record no. 105688)
[ view plain ]
| 000 -LEADER | |
|---|---|
| fixed length control field | 01620cam a2200277 4500 |
| 001 - CONTROL NUMBER | |
| control field | ##L134470 |
| 008 - FIXED-LENGTH DATA ELEMENTS--GENERAL INFORMATION | |
| fixed length control field | 060808n2006 000 0 eng u |
| 020 ## - INTERNATIONAL STANDARD BOOK NUMBER | |
| International Standard Book Number | 1841524131 |
| 035 ## - SYSTEM CONTROL NUMBER | |
| System control number | (Sirsi) u134470 |
| 041 0# - LANGUAGE CODE | |
| Language code of text/sound track or separate title | eng |
| 050 04 - LIBRARY OF CONGRESS CALL NUMBER | |
| Classification number | 657.92 $2 18 |
| 110 2# - MAIN ENTRY--CORPORATE NAME | |
| Corporate name or jurisdiction name as entry element | Consultative Committee of Accountancy Bodies |
| 9 (RLIN) | 5003 |
| 245 00 - TITLE STATEMENT | |
| Title | Statement of recommended practice |
| Remainder of title | accounting by limited liability partnerships |
| 250 ## - EDITION STATEMENT | |
| Edition statement | 2nd ed. |
| 260 ## - PUBLICATION, DISTRIBUTION, ETC. | |
| Place of publication, distribution, etc. | London |
| Name of publisher, distributor, etc. | CCAB |
| Date of publication, distribution, etc. | 2006 |
| 490 #0 - SERIES STATEMENT | |
| Series statement | CCAB Statement of Recommended Practice |
| 505 2# - FORMATTED CONTENTS NOTE | |
| Formatted contents note | Introduction -- The contents of the annual report and financial statements -- The application of generally accepted accounting practice to limited liability partnerships -- Members' remuneration and interests -- Retirement benefits -- Taxation -- Revenue recognition - stocks and long-term contracts -- Business combinations and group accounts -- Provisions and other implications of FRS 12 -- Related parties -- Compliance statement -- Effective date |
| 520 ## - SUMMARY, ETC. | |
| Summary, etc. | Sets out revisions to financial reporting requirements that apply to Limited Liability Partnerships incorporated in Great Britain under the Limited Liability Partnerships Act 2000 that report under UK GAAP. |
| 650 24 - SUBJECT ADDED ENTRY--TOPICAL TERM | |
| Topical term or geographic name entry element | FINANCIAL REPORTING STANDARD 12 |
| 650 24 - SUBJECT ADDED ENTRY--TOPICAL TERM | |
| Topical term or geographic name entry element | LIMITED LIABILITY PARTNERSHIPS ACT 2000 |
| 650 24 - SUBJECT ADDED ENTRY--TOPICAL TERM | |
| Topical term or geographic name entry element | CCAB STATEMENT OF RECOMMENDED PRACTICE |
| 651 #4 - SUBJECT ADDED ENTRY--GEOGRAPHIC NAME | |
| Geographic name | GREAT BRITAIN |
| 690 ## - LOCAL SUBJECT ADDED ENTRY--TOPICAL TERM (OCLC, RLIN) | |
| Topical term or geographic name as entry element | MANAGEMENT-BUSINESS MANAGEMENT-FINANCIAL MANAGEMENT-ACCOUNTING-FINANCIAL REPORTING |
| 856 40 - ELECTRONIC LOCATION AND ACCESS | |
| Uniform Resource Identifier | <a href="https://www.ccab.org.uk/documents.php">https://www.ccab.org.uk/documents.php</a> |
| Public note | View the item free of charge at www.ccab.org.uk... |
| 942 ## - ADDED ENTRY ELEMENTS (KOHA) | |
| Suppress in OPAC | 0 |
| Withdrawn status | Lost status | Source of classification or shelving scheme | Damaged status | Not for loan | Home library | Current library | Shelving location | Date acquired | Total Checkouts | Full call number | Barcode | Date last seen | Copy number | Price effective from | Koha item type |
|---|---|---|---|---|---|---|---|---|---|---|---|---|---|---|---|
| Dewey Decimal Classification | Virtual | Virtual | Online | 08/08/2006 | ONLINE PUBLICATION | 134470-1001 | 06/08/2019 | 1 | 06/08/2019 | Book |